Statistics for Spanish Translations of Song Titles #9

Click here to take the quiz!

General Stats

  • This quiz has been taken 333 times
  • The average score is 13 of 28

Answer Stats

HintAnswer% Correct
TóxicoToxic
95%
Te Amo BebéI Love You Baby
83%
Tren LocoCrazy Train
80%
AbracadabraAbracadabra
79%
DominóDomino
79%
Sexy y Lo SéSexy and I Know It
79%
Betty NegraBlack Betty
78%
Como un G6Like a G6
78%
Parte de MíPart of Me
73%
¿Cómo Me Llamo?What's My Name?
65%
Bailando en la OscuridadDancing in the Dark
53%
Mujer de Magia NegraBlack Magic Woman
50%
Nosotros No Empezamos el FuegoWe Didn't Start the Fire
50%
Bulevar de Sueños QuebradosBoulevard of Broken Dreams
42%
Volar Como un ÁguilaFly Like an Eagle
41%
No Vayas a Romper Mi CorazónDon't Go Breaking My Heart
34%
Uno Dos Paso1,2 Step
31%
Cruel para Ser AmableCruel to Be Kind
27%
No Dejes de CreerDon't Stop Believin'
27%
Dolor de Corazón Esta NocheHeartache Tonight
27%
Desde que Te FuisteSince U Been Gone
23%
Tu Mamá No BailaYour Mama Don't Dance
23%
Pequeña ArañitaItsy Bitsy Spider
20%
Salgo en un Avión a ReacciónI'm Leaving on a Jet Plane
7%
Resplandor de GloriaBlaze of Glory
3%
Carmesí y TrébolCrimson and Clover
3%
DescoloridoFaded
3%
AsúmemeTake on Me
3%

Score Distribution

Percentile by Number Answered

Percent of People with Each Score

Your Score History

You have not taken this quiz